[Event "Algiers Ameyar Memorial 13th"]
[Site "Algiers"]
[Date "2015.06.12"]
[Round "5"]
[White "Belouadah, Saad"]
[Black "Sid Ali, Moussa"]
[Result "1-0"]
[WhiteElo "2376"]
[BlackElo "2202"]
[PlyCount "45"]
[EventDate "2015.06.09"]
[EventType "swiss"]
[EventRounds "9"]
[EventCountry "ALG"]
[SourceTitle "CBM 167 Extra"]
[Source "ChessBase"]
[SourceDate "2015.09.14"]
[SourceVersion "1"]
[SourceVersionDate "2015.09.14"]
[SourceQuality "1"]

1. d4 d6 2. e4 Nd7 3. Nc3 e5 4. Nge2 Ngf6 5. f3 c6 6. Be3 Qc7 7. Qd2 b5 8. g4 Nb6 9. Ng3 Rb8 10. g5 b4 11. gxf6 bxc3 12. Qxc3 gxf6 13. Nh5 Nd7 14. 0-0-0 Rg8 15. Bc4 Be7 16. Bb3 Nf8 17. Rd2 Qb7 18. dxe5 fxe5 19. Rxd6 Bxd6 20. Nf6+ Kd8 21. Nxg8 Be6 22. Rd1 Kc7 23. Qa5+ 1-0